[Event "Karlsruhe Grenke op"]
[Site "Karlsruhe"]
[Date "2024.03.28"]
[Round "1"]
[White "Kuandykuly, Danis"]
[Black "Buckels, Valentin"]
[Result "0-1"]
[WhiteElo "2100"]
[BlackElo "2450"]
[PlyCount "88"]
[EventDate "2024.03.28"]
[EventType "swiss"]
[EventRounds "9"]
[EventCountry "GER"]
[SourceTitle "CB14_2024"]
[SourceDate "2024.04.01"]
[SourceVersion "1"]
[SourceVersionDate "2024.04.01"]
[SourceQuality "1"]

1. e4 e5 2. Nf3 Nc6 3. Bb5 a6 4. Ba4 Nge7 5. 0-0 Ng6 6. c3 d5 7. exd5 Qxd5 8. d4 exd4 9. Bb3 Qd6 10. Ng5 Nd8 11. cxd4 Be7 12. Ne4 Qd7 13. Nbc3 b6 14. d5 0-0 15. Be3 Nb7 16. Ba4 b5 17. Bb3 Nh4 18. Rc1 Na5 19. Nc5 Qd8 20. N3e4 Nf5 21. Bf4 Nxb3 22. axb3 Nd6 23. Qd4 Re8 24. Rfe1 Bf8 25. Bg5 Be7 26. Bf4 Bf5 27. Nxd6 cxd6 28. Nb7 Qd7 29. Na5 Bf6 30. Qd2 h6 31. h3 g5 32. Bg3 Re4 33. Rxe4 Bxe4 34. Rc6 Be7 35. Qd4 Qf5 36. Bxd6 Bf6 37. Qb6 Bxd5 38. Rc5 Qe4 39. f3 Bd4+ 40. Kh2 Qe3 41. Qc7 Qg1+ 42. Kg3 Bf2+ 43. Kg4 Qxg2+ 44. Kf5 Qxh3+ 0-1

[Event "Wch Blitz"]
[Site "Samarkand"]
[Date "2023.12.30"]
[Round "12"]
[White "Vakhidov, Daler"]
[Black "Kuandykuly, Danis"]
[Result "0-1"]
[WhiteElo "2175"]
[BlackElo "2095"]
[PlyCount "69"]
[EventDate "2023.12.29"]
[EventType "swiss (blitz)"]
[EventRounds "21"]
[EventCountry "UZB"]
[SourceTitle "CB01_2024"]
[SourceDate "2024.01.03"]
[SourceVersion "1"]
[SourceVersionDate "2024.01.03"]
[SourceQuality "1"]

1. d4 Nf6 2. Nf3 e6 3. e3 c5 4. Bd3 b6 5. b3 Bb7 6. Nbd2 Be7 7. Bb2 0-0 8. 0-0 cxd4 9. exd4 d6 10. a3 Nbd7 11. Re1 Re8 12. c4 Bf8 13. Qc2 Qc7 14. Rad1 Rad8 15. Ne4 Nxe4 16. Bxe4 Bxe4 17. Qxe4 Nf6 18. Qh4 d5 19. Ne5 Ne4 20. Rd3 g6 21. Rh3 h5 22. f3 Nd2 23. g4 Qe7 24. Qf2 Nxb3 25. gxh5 g5 26. f4 dxc4 27. fxg5 Bg7 28. h6 Bxe5 29. dxe5 Nc5 30. h7+ Kh8 31. Qf6+ Qxf6 32. exf6 Nd3 33. g6 fxg6 34. f7+ Nxb2 35. fxe8Q+ 0-1

[Event "Wch Blitz"]
[Site "Samarkand"]
[Date "2023.12.29"]
[Round "2"]
[White "Aditya, Mittal"]
[Black "Kuandykuly, Danis"]
[Result "1-0"]
[WhiteElo "2595"]
[BlackElo "2095"]
[PlyCount "45"]
[EventDate "2023.12.29"]
[EventType "swiss (blitz)"]
[EventRounds "21"]
[EventCountry "UZB"]
[SourceTitle "CB01_2024"]
[SourceDate "2024.01.03"]
[SourceVersion "1"]
[SourceVersionDate "2024.01.03"]
[SourceQuality "1"]

1. d4 Nf6 2. c4 e6 3. Nf3 b6 4. g3 Ba6 5. Qc2 Bb7 6. Bg2 c5 7. d5 exd5 8. cxd5 Nxd5 9. 0-0 Be7 10. Rd1 0-0 11. Qe4 f5 12. Qc4 b5 13. Qxb5 Qb6 14. Qc4 Qb4 15. Ne5 Qxc4 16. Nxc4 Na6 17. Bxd5+ Bxd5 18. Rxd5 Nb4 19. Rxd7 Nc2 20. Rxe7 Nxa1 21. Nba3 Rad8 22. Bd2 Rd4 23. Bc3 1-0

[Event "Wch Blitz"]
[Site "Samarkand"]
[Date "2023.12.29"]
[Round "3"]
[White "Kuandykuly, Danis"]
[Black "Amilal, Munkhdalai"]
[Result "0-1"]
[WhiteElo "2095"]
[BlackElo "2388"]
[PlyCount "88"]
[EventDate "2023.12.29"]
[EventType "swiss (blitz)"]
[EventRounds "21"]
[EventCountry "UZB"]
[SourceTitle "CB01_2024"]
[SourceDate "2024.01.03"]
[SourceVersion "1"]
[SourceVersionDate "2024.01.03"]
[SourceQuality "1"]

1. e4 c5 2. Nf3 Nc6 3. d4 cxd4 4. Nxd4 Qc7 5. Nc3 e6 6. g3 a6 7. Bg2 b5 8. 0-0 Bb7 9. Re1 d6 10. Nxc6 Bxc6 11. a4 b4 12. Nd5 Qb7 13. a5 Nf6 14. Nxf6+ gxf6 15. Qd4 Be7 16. Bh6 Rg8 17. c3 Rb8 18. Rac1 e5 19. Qd2 f5 20. cxb4 Bxe4 21. Bf1 Rg6 22. Be3 Qxb4 23. Qxb4 Rxb4 24. Bxa6 Rxb2 25. Bb6 d5 26. Rc8+ Kd7 27. Rc7+ Ke8 28. Rec1 Rgxb6 29. axb6 Rxb6 30. Bf1 Bd6 31. Rc8+ Ke7 32. Bg2 Bxg2 33. Kxg2 d4 34. R8c4 Ke6 35. f3 Rb2+ 36. Kg1 Kd5 37. Ra4 e4 38. Ra5+ Ke6 39. Ra4 Rd2 40. Re1 Kd5 41. Ra5+ Kc4 42. fxe4 fxe4 43. Rxe4 Bb4 44. Ra1 Bc3 0-1

[Event "Wch Rapid"]
[Site "Samarkand"]
[Date "2023.12.28"]
[Round "13"]
[White "Gharibyan, Mamikon"]
[Black "Kuandykuly, Danis"]
[Result "1-0"]
[WhiteElo "2504"]
[BlackElo "2095"]
[PlyCount "49"]
[EventDate "2023.12.26"]
[EventType "swiss (rapid)"]
[EventRounds "13"]
[EventCountry "UZB"]
[SourceTitle "CB01_2024"]
[SourceDate "2024.01.03"]
[SourceVersion "1"]
[SourceVersionDate "2024.01.03"]
[SourceQuality "1"]

1. e4 c5 2. Nf3 d6 3. d4 cxd4 4. Nxd4 Nf6 5. Nc3 Nc6 6. Bg5 Bd7 7. Qd2 a6 8. 0-0-0 e6 9. f3 Be7 10. h4 Qc7 11. Kb1 h5 12. Nxc6 bxc6 13. Bc4 d5 14. Bb3 a5 15. Rhe1 Rb8 16. Bf4 Qb7 17. Bxb8 Qxb8 18. Na4 0-0 19. e5 Ne8 20. Qxa5 Nc7 21. Qb6 Qc8 22. Nc5 Na8 23. Qa7 Rd8 24. g3 Be8 25. Qxe7 1-0

[Event "Wch Rapid"]
[Site "Samarkand"]
[Date "2023.12.27"]
[Round "7"]
[White "Kuandykuly, Danis"]
[Black "Harutyunian, Tigran K"]
[Result "1-0"]
[WhiteElo "2095"]
[BlackElo "2519"]
[PlyCount "59"]
[EventDate "2023.12.26"]
[EventType "swiss (rapid)"]
[EventRounds "13"]
[EventCountry "UZB"]
[SourceTitle "CB01_2024"]
[SourceDate "2024.01.03"]
[SourceVersion "1"]
[SourceVersionDate "2024.01.03"]
[SourceQuality "1"]

1. e4 e5 2. Nf3 Nc6 3. Bb5 a6 4. Ba4 Nf6 5. 0-0 Be7 6. d3 b5 7. Bb3 0-0 8. a4 b4 9. Re1 d6 10. Nbd2 Na5 11. Ba2 c5 12. c3 Rb8 13. d4 cxd4 14. cxd4 Qc7 15. Nb3 Bg4 16. Bg5 Nxb3 17. Bxb3 exd4 18. Qxd4 Bxf3 19. gxf3 Nh5 20. Rac1 Qd7 21. Bxe7 Qxe7 22. e5 dxe5 23. Qxe5 Qh4 24. Bxf7+ Kh8 25. Bxh5 Rb6 26. Rc8 Rbf6 27. Rxf8+ Rxf8 28. Qe8 Qg5+ 29. Kh1 Qf6 30. Qxf8+ 1-0

[Event "Wch Rapid"]
[Site "Samarkand"]
[Date "2023.12.26"]
[Round "5"]
[White "Kuandykuly, Danis"]
[Black "Abdisalimov, Abdimalik"]
[Result "0-1"]
[WhiteElo "2095"]
[BlackElo "2496"]
[PlyCount "88"]
[EventDate "2023.12.26"]
[EventType "swiss (rapid)"]
[EventRounds "13"]
[EventCountry "UZB"]
[SourceTitle "CB01_2024"]
[SourceDate "2024.01.03"]
[SourceVersion "1"]
[SourceVersionDate "2024.01.03"]
[SourceQuality "1"]

1. e4 c5 2. Nf3 d6 3. d4 cxd4 4. Nxd4 Nf6 5. Nc3 a6 6. Bg5 e6 7. f4 Qb6 8. Nb3 Be7 9. Qf3 Nbd7 10. 0-0-0 Qc7 11. Bd3 h6 12. Bh4 g5 13. Bg3 gxf4 14. Bxf4 Ne5 15. Qe2 b5 16. a3 Bb7 17. Rhf1 Rc8 18. Bg3 h5 19. Bh4 Nfg4 20. Bxe7 Qxe7 21. h3 Qg5+ 22. Rd2 Ne3 23. h4 Qh6 24. Na5 Nxf1 25. Qxf1 Ba8 26. Qf2 Rg8 27. Kb1 Ng4 28. Qe1 Qe3 29. Re2 Qb6 30. Nd1 Ne5 31. Ne3 Ke7 32. Qb4 Qc5 33. Qd2 Rg3 34. Nf1 Qg1 35. Rf2 Rcg8 36. Rf4 Rxg2 37. Qc3 Qc5 38. Qb3 R8g4 39. Rxg4 Rxg4 40. Be2 Rxe4 41. Ng3 Re3 42. c3 Rxg3 43. Bxh5 Rg1+ 44. Bd1 Bf3 0-1

[Event "Almaty Academy IM 6th"]
[Site "Almaty"]
[Date "2023.11.22"]
[Round "5"]
[White "Lortkipanidze, Nodar"]
[Black "Kuandykuly, Danis"]
[Result "0-1"]
[WhiteElo "2390"]
[BlackElo "2046"]
[PlyCount "132"]
[EventDate "2023.11.19"]
[EventType "tourn"]
[EventRounds "9"]
[EventCountry "KAZ"]
[EventCategory "4"]
[SourceTitle "CB48_2023"]
[SourceDate "2023.11.29"]
[SourceVersion "1"]
[SourceVersionDate "2023.11.29"]
[SourceQuality "1"]

1. f4 d5 2. Nf3 Nf6 3. g3 Bf5 4. Bg2 e6 5. 0-0 Be7 6. d3 0-0 7. Qe1 c5 8. Nh4 Nc6 9. c3 d4 10. Na3 Nd5 11. Nxf5 exf5 12. Nc2 Bf6 13. c4 Ncb4 14. Nxb4 Nxb4 15. Qd1 Qe7 16. Bd2 Rfe8 17. Rf2 Nc6 18. Qa4 Qd6 19. a3 a5 20. Rb1 Ra6 21. Bf3 Rb6 22. Rff1 Ra8 23. Rfc1 Raa6 24. Qd1 g6 25. b3 Bd8 26. Qe1 Qe7 27. Kg2 Kg7 28. Qf2 Qd6 29. e4 dxe3 30. Bxe3 Be7 31. Bd5 h5 32. Rd1 Ra8 33. d4 cxd4 34. Rxd4 Rba6 35. Rd2 Qxa3 36. c5 Qb4 37. Bc4 R6a7 38. Rd7 b5 39. Bd2 Qxc5 40. Be3 Qb4 41. Bxa7 bxc4 42. Bd4+ Kg8 43. Rc1 Qxb3 44. Bc3 Ba3 45. Rc2 Bb4 46. Bf6 c3 47. Re2 Qc4 48. Kh3 a4 49. Rc7 Bd6 50. Rd7 Bb4 51. Rb7 a3 52. Ra2 Qe6 53. Bg5 Qd5 54. Bf6 Qe6 55. Bh4 Bf8 56. Qg2 c2 57. Rxc2 Nd4 58. Rcc7 a2 59. Ra7 a1Q 60. Rxa8 Qd1 61. Rxf8+ Kxf8 62. Qa8+ Kg7 63. Re7 Qf1+ 64. Qg2 Qxg2+ 65. Kxg2 Qd5+ 66. Kf2 Nf3 0-1

[Event "World ol U16"]
[Site "Eindhoven"]
[Date "2023.08.15"]
[Round "5.14"]
[White "Kuandykuly, Danis"]
[Black "Sundac, Ivano"]
[Result "1-0"]
[WhiteElo "1870"]
[BlackElo "2089"]
[PlyCount "87"]
[EventDate "2023.08.13"]
[EventType "team-swiss"]
[EventRounds "9"]
[EventCountry "NED"]
[SourceTitle "CBM 215 Extra"]
[Source "ChessBase"]
[SourceDate "2023.09.30"]
[SourceVersion "1"]
[SourceVersionDate "2023.09.30"]
[SourceQuality "1"]
[WhiteTeam "Kazakhstan V"]
[BlackTeam "Croatia"]
[WhiteTeamCountry "KAZ"]
[BlackTeamCountry "CRO"]

1. e4 c5 2. Nf3 d6 3. d4 cxd4 4. Nxd4 Nf6 5. Nc3 g6 6. Be2 Bg7 7. 0-0 0-0 8. Nb3 a6 9. a4 b6 10. Bf3 Ra7 11. Be3 Rd7 12. Nd2 Qc7 13. Ra3 Rdd8 14. Qe2 Be6 15. Rc1 Nfd7 16. Bg4 Bxg4 17. Qxg4 e6 18. Qe2 Qb7 19. Rb3 Nc5 20. Bxc5 dxc5 21. Nc4 Nc6 22. Rxb6 Qa8 23. Ne3 Nb4 24. Rd1 Rd4 25. Nc4 Rfd8 26. e5 Rxd1+ 27. Nxd1 Qe4 28. Nde3 Nxc2 29. Rd6 Rxd6 30. exd6 Nd4 31. Qd2 Bf6 32. h3 Bd8 33. Qe1 Nc2 34. Qb1 f5 35. Qxc2 Qd4 36. Qd1 Qe4 37. Qf3 Qxf3 38. gxf3 Kf7 39. Ne5+ Ke8 40. N3c4 Bf6 41. f4 g5 42. fxg5 Bxg5 43. d7+ Ke7 44. d8B+ 1-0

[Event "Asian Continental op 20th"]
[Site "Almaty"]
[Date "2023.06.11"]
[Round "9"]
[White "Erzhanov, Arman"]
[Black "Kuandykuly, Danis"]
[Result "1/2-1/2"]
[WhiteElo "2228"]
[BlackElo "1800"]
[PlyCount "52"]
[EventDate "2023.06.04"]
[EventType "swiss"]
[EventRounds "9"]
[EventCountry "KAZ"]
[SourceTitle "CBM 214 Extra"]
[Source "ChessBase"]
[SourceDate "2023.07.31"]
[SourceVersion "1"]
[SourceVersionDate "2023.07.31"]
[SourceQuality "1"]

1. e4 c5 2. Nf3 d6 3. Bb5+ Nc6 4. 0-0 Bd7 5. Re1 Nf6 6. c3 a6 7. Bf1 Bg4 8. h3 Bxf3 9. Qxf3 g6 10. d3 Bg7 11. Be3 0-0 12. Nd2 Nd7 13. Qd1 e6 14. Nf3 d5 15. exd5 exd5 16. Bf4 Nf6 17. Ne5 Nxe5 18. Bxe5 Nd7 19. Bd6 Re8 20. Qb3 d4 21. cxd4 cxd4 22. Rxe8+ Qxe8 23. Qxb7 Rd8 24. Bc7 Rc8 25. Bg3 Nf6 26. Be2 Rc6 1/2-1/2

[Event "Asian Continental op 20th"]
[Site "Almaty"]
[Date "2023.06.08"]
[Round "6"]
[White "Kuandykuly, Danis"]
[Black "Suleimen, Ergali"]
[Result "0-1"]
[WhiteElo "1800"]
[BlackElo "2345"]
[PlyCount "55"]
[EventDate "2023.06.04"]
[EventType "swiss"]
[EventRounds "9"]
[EventCountry "KAZ"]
[SourceTitle "CBM 214 Extra"]
[Source "ChessBase"]
[SourceDate "2023.07.31"]
[SourceVersion "1"]
[SourceVersionDate "2023.07.31"]
[SourceQuality "1"]

1. e4 c5 2. Nf3 Nc6 3. d4 cxd4 4. Nxd4 Qc7 5. Nc3 e6 6. g3 a6 7. Bg2 Nf6 8. 0-0 Nxd4 9. Qxd4 Bc5 10. Qd3 Ng4 11. Bf4 Ne5 12. Na4 Ba7 13. Qc3 Qxc3 14. Nxc3 d6 15. Rad1 Ke7 16. b3 Bd7 17. Ne2 Rhc8 18. Rd2 f6 19. Rfd1 Bc5 20. c3 a5 21. Nc1 g5 22. Bxe5 fxe5 23. Nd3 Bc6 24. Nxc5 dxc5 25. Rd6 h5 26. a4 Ra6 27. b4 cxb4 28. cxb4 0-1

[Event "Asian Continental op 20th"]
[Site "Almaty"]
[Date "2023.06.06"]
[Round "4"]
[White "Badghisi, Hassibullah"]
[Black "Kuandykuly, Danis"]
[Result "1/2-1/2"]
[WhiteElo "1368"]
[BlackElo "1800"]
[PlyCount "120"]
[EventDate "2023.06.04"]
[EventType "swiss"]
[EventRounds "9"]
[EventCountry "KAZ"]
[SourceTitle "CBM 214 Extra"]
[Source "ChessBase"]
[SourceDate "2023.07.31"]
[SourceVersion "1"]
[SourceVersionDate "2023.07.31"]
[SourceQuality "1"]

1. e4 c5 2. Nf3 Nc6 3. d4 cxd4 4. Nxd4 e5 5. Nb5 a6 6. Nd6+ Bxd6 7. Qxd6 Qf6 8. Qxf6 Nxf6 9. Nc3 d5 10. Nxd5 Nxd5 11. exd5 Nb4 12. Bd3 Nxd5 13. 0-0 0-0 14. Re1 f6 15. Bc4 Be6 16. Bxd5 Bxd5 17. Rd1 Rfd8 18. Be3 Rac8 19. c3 Bxa2 20. Bb6 Rxd1+ 21. Rxd1 Be6 22. Rd8+ Kf7 23. Rxc8 Bxc8 24. c4 Be6 25. c5 Bb3 26. Kf1 Ke6 27. Ke2 Kd5 28. Kd2 Kc4 29. h4 Kb4 30. g3 Bf7 31. Kc1 a5 32. Kd2 a4 33. Kc1 e4 34. Kd2 Bh5 35. Kc1 f5 36. Kd2 h6 37. Kc1 Bf3 38. Kd2 Bh1 39. Kc1 Bg2 40. Kd2 g5 41. hxg5 hxg5 42. Bd8 Kxc5 43. Bxg5 Kc4 44. Be3 Kb3 45. Kc1 b5 46. Kb1 Bf1 47. Bd4 Kc4 48. Bf6 Kd3 49. b4 Bh3 50. Be7 Bg4 51. Kb2 Bh5 52. Ka3 Bf7 53. Bc5 Kc2 54. Be3 Kc3 55. Ba7 Kd3 56. Be3 Ke2 57. Ba7 Kf3 58. Be3 Kg2 59. Ba7 Kg1 60. Be3 Bh5 1/2-1/2

[Event "World School-ch U11"]
[Site "Rhodes"]
[Date "2023.04.21"]
[Round "8"]
[White "Kuandykuly, Danis"]
[Black "Mammadzada, Mammad"]
[Result "1-0"]
[WhiteElo "1848"]
[BlackElo "1381"]
[PlyCount "48"]
[EventDate "2023.04.14"]
[EventType "swiss"]
[EventRounds "9"]
[EventCountry "GRE"]
[SourceTitle "EXT 2024"]
[Source "ChessBase"]
[SourceDate "2023.10.10"]
[SourceVersion "1"]
[SourceVersionDate "2023.10.10"]
[SourceQuality "1"]

1. e4 c6 2. d4 d5 3. Nc3 dxe4 4. Nxe4 Nf6 5. Nxf6+ exf6 6. c3 Bd6 7. Bd3 0-0 8. Qc2 Re8+ 9. Ne2 g6 10. Be3 Be6 11. 0-0-0 Qa5 12. b3 Nd7 13. h4 f5 14. h5 Nf6 15. hxg6 fxg6 16. Nf4 Bf7 17. Nh3 b5 18. Ng5 Qc7 19. Bxf5 c5 20. Nxf7 Kxf7 21. dxc5 Be7 22. Rxh7+ Nxh7 23. Bxg6+ Kg7 24. Bxh7 Qc6 1-0

[Event "Almaty Academy IM 12"]
[Site "Almaty"]
[Date "2022.12.14"]
[Round "9"]
[White "Khusnutdinov, Rustam"]
[Black "Kuandykuly, Danis"]
[Result "1-0"]
[WhiteElo "2441"]
[BlackElo "1792"]
[PlyCount "61"]
[EventDate "2022.12.07"]
[EventType "tourn"]
[EventRounds "9"]
[EventCountry "KAZ"]
[EventCategory "1"]
[SourceTitle "CBM 211 Extra"]
[Source "ChessBase"]
[SourceDate "2023.01.31"]
[SourceVersion "1"]
[SourceVersionDate "2023.01.31"]
[SourceQuality "1"]

1. d4 Nf6 2. c4 e6 3. Bf4 Bb4+ 4. Nd2 c5 5. dxc5 Bxc5 6. e3 d5 7. Ngf3 0-0 8. Qc2 b6 9. Bd3 Nc6 10. a3 d4 11. 0-0-0 dxe3 12. Ne4 e2 13. Qxe2 h6 14. Nxc5 bxc5 15. Bh7+ Kxh7 16. Rxd8 Rxd8 17. Rd1 Bb7 18. Be5 Rxd1+ 19. Qxd1 Rd8 20. Qc2+ Kg8 21. Bxf6 gxf6 22. Qb3 Ba8 23. Qe3 Na5 24. Nd2 Rd4 25. Qg3+ Kh7 26. Qc7 Nxc4 27. Qxf7+ Kh8 28. Qxf6+ Kh7 29. Qe7+ Kh8 30. Nb3 Rg4 31. Qf8+ 1-0

[Event "Wch U10"]
[Site "Batumi"]
[Date "2022.09.25"]
[Round "9"]
[White "Kuandykuly, Danis"]
[Black "Akhmet, Suleyman"]
[Result "1-0"]
[WhiteElo "1853"]
[BlackElo "1521"]
[PlyCount "69"]
[EventDate "2022.09.16"]
[EventType "swiss"]
[EventRounds "11"]
[EventCountry "GEO"]
[SourceTitle "EXT 2023"]
[Source "ChessBase"]
[SourceDate "2022.10.05"]
[SourceVersion "1"]
[SourceVersionDate "2022.10.05"]
[SourceQuality "1"]

1. e4 c5 2. Nf3 Nf6 3. Nc3 e6 4. d4 cxd4 5. Nxd4 Bb4 6. e5 Nd5 7. Bd2 Bxc3 8. bxc3 Qc7 9. f4 0-0 10. c4 Nb6 11. Bb4 Nxc4 12. Bxf8 Kxf8 13. Bxc4 Qxc4 14. Qd3 Qxd3 15. cxd3 a6 16. Rc1 Nc6 17. Nxc6 bxc6 18. Rb1 a5 19. a4 Ba6 20. Kd2 Ke7 21. Rhc1 g5 22. fxg5 Rg8 23. h4 h6 24. Rb6 Bc8 25. gxh6 Rxg2+ 26. Ke3 Rh2 27. Rc4 Kf8 28. Rg4 f5 29. h7 Rh3+ 30. Kd4 fxg4 31. h8Q+ Ke7 32. Qf6+ Ke8 33. Rb8 d6 34. Rxc8+ Kd7 35. Qd8# 1-0

[Event "Wch U10"]
[Site "Batumi"]
[Date "2022.09.23"]
[Round "7"]
[White "Kuandykuly, Danis"]
[Black "Dasiuk, Roman"]
[Result "1-0"]
[WhiteElo "1853"]
[BlackElo "1477"]
[PlyCount "119"]
[EventDate "2022.09.16"]
[EventType "swiss"]
[EventRounds "11"]
[EventCountry "GEO"]
[SourceTitle "EXT 2023"]
[Source "ChessBase"]
[SourceDate "2022.10.05"]
[SourceVersion "1"]
[SourceVersionDate "2022.10.05"]
[SourceQuality "1"]

1. e4 c5 2. Nf3 e6 3. d4 cxd4 4. Nxd4 Nc6 5. Nc3 Nf6 6. Ndb5 Bc5 7. Bf4 e5 8. Bg5 Nd4 9. Bxf6 gxf6 10. Nd5 Nxb5 11. Bxb5 a6 12. Bc4 b5 13. Bb3 d6 14. Qh5 Be6 15. Qh6 Bxd5 16. Bxd5 Rc8 17. Qg7 Rf8 18. Qxh7 Qa5+ 19. c3 b4 20. 0-0 Qb6 21. Qf5 Ke7 22. c4 Bd4 23. Rab1 a5 24. b3 Qd8 25. Rbd1 Bc5 26. Rd3 Rg8 27. Rh3 Rg5 28. Qf3 Qg8 29. Rh4 Rf8 30. Qh3 Bd4 31. g3 Bc5 32. Rh7 Rg7 33. Rh4 Rg5 34. Kg2 Bd4 35. Rd1 Bc5 36. Rd3 Rg6 37. Rf3 Bd4 38. Rh7 Rg7 39. Bc6 Rd8 40. Qh4 Rg6 41. Rf5 Rf8 42. h3 Rg5 43. Rf3 Rg6 44. Rh5 Qg7 45. Rff5 Bc3 46. g4 Bd2 47. f3 Be3 48. Kf1 Rg5 49. Ke2 Rxf5 50. exf5 Bd4 51. Kd3 Bc5 52. Ke4 Bd4 53. Rh6 Bc5 54. Bd5 Bd4 55. Qh5 Bc3 56. Rh7 Qg8 57. h4 Bd2 58. Qg6 Qxg6 59. fxg6 Bf4 60. Bxf7 1-0

[Event "Eastern Asia-ch U08"]
[Site "Tornelo INT"]
[Date "2021.10.29"]
[Round "2"]
[White "Ramakrishnan, Rahul"]
[Black "Kuandykuly, Danis"]
[Result "0-1"]
[WhiteElo "1126"]
[BlackElo "1361"]
[PlyCount "64"]
[EventDate "2021.10.29"]
[EventType "swiss"]
[EventRounds "9"]
[EventCountry "NET"]
[SourceTitle "EXT 2023"]
[Source "ChessBase"]
[SourceDate "2022.10.05"]
[SourceVersion "1"]
[SourceVersionDate "2022.10.05"]
[SourceQuality "1"]

1. e4 c5 2. Nf3 d6 3. d4 cxd4 4. Nxd4 Nf6 5. Nc3 a6 6. Bc4 e6 7. Be3 Be7 8. 0-0 0-0 9. Rb1 b5 10. Bd3 Bb7 11. f3 Nbd7 12. f4 Nc5 13. e5 dxe5 14. fxe5 Nd5 15. b4 Nxe3 16. Qe2 Qxd4 17. Nd1 Nxd1+ 18. Kh1 Nc3 19. Qd2 Nxd3 20. cxd3 Nxb1 21. Rxb1 Qd5 22. Rg1 Rac8 23. h3 Rc4 24. Qe2 Rxb4 25. a3 Rd4 26. Rd1 Rd8 27. Qf2 Rxd3 28. Rxd3 Qxd3 29. Qa7 Qd5 30. Qf2 Bc5 31. Qg3 Qd1+ 32. Kh2 Qg1# 0-1